[Event "Challenge"]
[Site "http://www.queenalice.com/game.php?id=1159009"]
[Date "2013.3.8"]
[Round "-"]
[White "Tunico"]
[Black "Wanski"]
[Result "1-0"]
[WhiteElo "1323"]
[BlackElo "997"]

1. e4 d5 2. e5 Bf5 3. d4 Nc6 4. g4 Be4 5. f3 Bg6 6. a3 e6 7. Ne2 h5 8. g5 f6 9.
f4 h4 10. Bh3 Be4 11. O-O 1-0

[Event "Challenge"]
[Site "http://www.queenalice.com/game.php?id=1191829"]
[Date "2013.6.17"]
[Round "-"]
[White "Wanski"]
[Black "wgjrl8"]
[Result "0-1"]
[WhiteElo "990"]
[BlackElo "1472"]

1. e4 e5 2. d4 c5 3. c4 cxd4 4. Nf3 f6 5. b4 Bxb4+ 6. Bd2 Bc5 7. a4 d6 8. Na3 a6
9. Qc2 Nc6 10. Nh4 Be6 11. Be2 f5 12. Ng6 hxg6 13. O-O Qh4 14. Qb3 Qxh2# 0-1

[Event "Let's Play Chess!"]
[Site "http://www.queenalice.com/game.php?id=1433125"]
[Date "2016.7.26"]
[Round "-"]
[White "Wanski"]
[Black "carlosufpe"]
[Result "0-1"]
[WhiteElo "997"]
[BlackElo "1640"]

1. e3 d6 2. Bc4 e6 3. Nc3 Nf6 4. Nf3 Be7 5. O-O O-O 6. d4 d5 7. Bb3 c6 8. e4
dxe4 9. Ne5 Nbd7 10. a4 Nxe5 11. dxe5 Qxd1 12. Rxd1 Nd7 13. Nxe4 Nxe5 14. Bf4
Ng6 15. Be3 Ne5 16. Bf4 Ng6 17. Nd6 Nxf4 18. Rd4 Ne2+ 19. Kf1 Nxd4 20. Rd1 Bxd6
21. Rxd4 Be5 22. Rh4 Bxb2 23. g4 g6 0-1

[Event "Let's Play Chess!"]
[Site "http://www.queenalice.com/game.php?id=1433347"]
[Date "2016.7.27"]
[Round "-"]
[White "Wanski"]
[Black "josebaron"]
[Result "0-1"]
[WhiteElo "983"]
[BlackElo "1996"]

1. b4 e5 2. c3 Nf6 3. f3 d5 4. e4 dxe4 5. fxe4 Nxe4 6. Ne2 Bd6 7. d3 Nf6 8. Na3
a6 9. Ng3 Bg4 10. Be2 Bxe2 11. Qxe2 O-O 12. O-O e4 13. dxe4 Bxg3 14. hxg3 Nc6
15. e5 Re8 16. g4 Rxe5 17. Qf3 Qe7 18. b5 axb5 19. Nxb5 Rxb5 20. c4 Qc5+ 21. Be3
Qxc4 22. a4 Rxa4 23. Qf4 Qxf4 24. Bxf4 Rxa1 25. Bxc7 Rxf1+ 26. Kxf1 Nxg4 27. Ke2
Rb3 28. g3 Nd4+ 29. Kd2 b5 0-1

[Event "Let's Play Chess!"]
[Site "http://www.queenalice.com/game.php?id=1433350"]
[Date "2016.7.26"]
[Round "-"]
[White "serard1"]
[Black "Wanski"]
[Result "1-0"]
[WhiteElo "1487"]
[BlackElo "995"]

1. e3 e5 2. Bc4 d5 3. Bb3 Nf6 4. Nf3 Bb4 5. Nxe5 Nc6 6. Nxc6 bxc6 7. a3 Bc5 8.
d4 Be7 9. f3 c5 10. Nc3 cxd4 11. exd4 a5 12. Ba4+ c6 13. O-O 1-0

[Event "Let's Play Chess!"]
[Site "http://www.queenalice.com/game.php?id=1433351"]
[Date "2016.7.26"]
[Round "-"]
[White "Wanski"]
[Black "serard1"]
[Result "0-1"]
[WhiteElo "993"]
[BlackElo "1489"]

1. e4 e5 2. Bc4 Nh6 3. Nh3 Qf6 4. d3 d6 5. Bg5 Qg6 6. O-O Bxh3 7. gxh3 Qxg5+ 8.
Kh1 a5 9. Rg1 Qh4 10. Bb5+ c6 11. Bc4 Qxh3 12. d4 Nd7 0-1

[Event "Let's Play Chess!"]
[Site "http://www.queenalice.com/game.php?id=1433357"]
[Date "2016.7.26"]
[Round "-"]
[White "Wanski"]
[Black "jizaias"]
[Result "0-1"]
[WhiteElo "991"]
[BlackElo "2329"]

1. b4 g6 2. e4 Bg7 3. d4 Nc6 4. c3 a6 5. Bc4 Nf6 6. e5 Ng8 7. Nf3 d5 8. b5 Na5
9. Na3 dxc4 10. Bg5 axb5 11. Nxb5 Bd7 12. Qa4 Nh6 13. d5 O-O 14. Nfd4 Ng4 15. f3
Nxe5 16. O-O Nd3 17. Qb4 Nxb4 18. cxb4 Bxb5 19. Nxb5 Bxa1 20. Rxa1 Qxd5 21. Nxc7
Qd4+ 22. Kf1 Qxa1+ 23. Kf2 Qd4+ 24. Be3 Qh4+ 25. g3 Qxh2+ 26. Ke1 Qxg3+ 27. Ke2
Qxc7 28. bxa5 Rxa5 29. f4 Rxa2+ 30. Kf3 Qc6+ 31. Kg3 Qg2+ 32. Kh4 Ra1 33. Bd4
Rh1# 0-1

[Event "Let's Play Chess!"]
[Site "http://www.queenalice.com/game.php?id=1433358"]
[Date "2016.7.27"]
[Round "-"]
[White "josebaron"]
[Black "Wanski"]
[Result "1-0"]
[WhiteElo "1973"]
[BlackElo "977"]

1. e4 e5 2. Bc4 d5 3. Bxd5 Na6 4. Qh5 g6 5. Qxe5+ Be6 6. Bxe6 fxe6 7. Qxh8 Nf6
8. d3 Nb4 9. Na3 Nxc2+ 10. Nxc2 Qxd3 11. Qxf6 Qxe4+ 12. Ne3 Be7 13. Qh8+ Bf8 14.
Nf3 h5 15. O-O Rd8 16. Qe5 Qd3 17. Qxe6+ Be7 18. Ne5 Qe2 19. Qf7# 1-0

[Event "AUTO-OPEN-3684"]
[Site "http://www.queenalice.com/game.php?id=1433481"]
[Date "2016.7.28"]
[Round "1"]
[White "lanzafamefilippo83"]
[Black "Wanski"]
[Result "1-0"]
[WhiteElo "1428"]
[BlackElo "985"]

1. e4 Nf6 2. e5 Ng4 3. d4 e6 4. Qxg4 h5 5. Qd1 Na6 6. Bxa6 bxa6 7. Nf3 d6 8.
exd6 Bxd6 9. Be3 Qf6 10. Nc3 e5 11. Nd5 Qe6 12. c4 exd4 13. Nxd4 Qg4 14. Qxg4
hxg4 15. c5 Bxc5 16. Nxc7+ Kf8 17. Nxa8 1-0

[Event "AUTO-OPEN-3684"]
[Site "http://www.queenalice.com/game.php?id=1433482"]
[Date "2016.7.28"]
[Round "1"]
[White "Wanski"]
[Black "lanzafamefilippo83"]
[Result "0-1"]
[WhiteElo "1009"]
[BlackElo "1500"]

1. Nf3 Nc6 2. Nc3 e5 3. e4 Bb4 4. Bc4 Bxc3 5. dxc3 Nf6 6. a4 d6 7. Ng5 Be6 8.
Nxe6 fxe6 9. Bxe6 Nxe4 10. Qf3 Nf6 11. O-O e4 0-1